01550 a2200229 45000010006000000050017000060080041000230030015000640400040000790800125001192450048002440200018002922500012003102640042003223000024003645050729003880410008011171000019011257000038011447000039011828560099012214942820260407155757.0260407a2003 arg spa dAR-UNSa-BCEJYS aAR-UNSa-BCEJYSbspacAR-UNSa-BCEJYS a658.012.2xPlanificación. Programas. Planes. Medidas de apoyo a la planificación( Administración estratégica...)10aConceptos de administración estratégica a970-26-0427-3 a9a. ed. 1aMéxico :bPearson Educaciónc2003 axxx, 336 p.c26 cm. aParte I: Perspectiva general de la dirección estratégica: 1. La naturaleza de la dirección estratégica - - Parte II: Formulación de la estratégica: 2. La misión de la empresa - 3. La evaluación externa - 4. La evaluación interna - 5. Estrategias en acción - 6. Análisis y selección de la estrategia - - Parte III: Implantación de la estrategia: 7. Implantación de estrategias: asuntos relacionados con la gerencia - 8. Implantación de estrategias: asuntos relacionados con mercadotécnica, finanzas y contabilidad, investigación y desarrollo y sistemas de información de la gerencia - - Parte IV: Evaluación de la estrategia: 9. Revisión, evaluación y control de la estrategia.  aspa1 aDavid, Fred R.1 aSánchez Carrión, Miguel Angel1 aValdés Hernández, Luis Alfredo41uhttps://www.biblioeco.unsa.edu.ar/pmb/images/libros/L128089.jpgyImagen de portadaqimage/jpeg